Ottawa Senators Roster 24-25 - Statistics

General Stats
  • This quiz has been taken 146 times
    28 since last reset
  • The average score is 17 of 37
Answer Stats
# Player % Correct
7 Brady Tkachuk
91%
85 Jake Sanderson
87%
35 Linus Ullmark
87%
19 Drake Batherson
83%
72 Thomas Chabot
83%
18 Tim Stützle
83%
2 Artem Zub
74%
28 Claude Giroux
70%
57 David Perron
70%
24 Dylan Cozens
70%
12 Shane Pinto
70%
31 Anton Forsberg
65%
1 Leevi Meriläinen
65%
21 Nick Cousins
65%
71 Ridly Greig
61%
43 Tyler Kleven
61%
20 Fabian Zetterlund
57%
22 Michael Amadio
52%
81 Adam Gaudette
48%
33 Nikolas Matinpalo
48%
23 Travis Hamonic
43%
40 Mads Sogaard
39%
3 Nick Jensen
39%
6 Dennis Gilbert
30%
59 Angus Crookshank
22%
51 Cole Reinhardt
22%
15 Matthew Highmore
22%
83 Stephen Halliday
22%
17 Zack MacEwen
22%
37 Donovan Sebrango
17%
42 Hayden Hodgson
13%
45 Garrett Pilon
4%
14 Jan Jenik
4%
98 Tomas Hamara
4%
54 Tyler Boucher
4%
58 Carter Yakenchuk
0%
49 Wyatt Bongiovanni
0%
No matching quizzes found
Score Distribution
Percent of People with Each Score
Percentile by Number Answered
Your Score History
You have not taken this quiz since the last reset